000 00741nam a2200181Ia 4500
008 140609s9999 xx 000 0 und d
020 _a9780983351290
050 _aLB 3060.83
_b.Us85 2013
245 _aUsing common core standards to enhance classroom instruction and assessment /
_cRobert J. Marzano, David C. Yanoski, Jan K. Hoegh, Julia A. Simms ; with Tammy Heflebower & Phil Warrick
260 _aBloomington, IN :
_bMarzano Research Laboratory,
_cc2013.
300 _a283 p. :
_bill. ;
_c28 cm.
500 _aIncludes bibliographical references and index.
521 _aGE
650 _aAcademic achievement
_xUnited States.
650 _aEducational tests and measurements
_xUnited States.
942 _kFOR
_cBK
999 _c117967
_d117967